Capitals Starting With ‘San’ - Statistics

General Stats
  • This quiz has been taken 36 times
  • The average score is 4 of 6
Answer Stats
Capital % Correct
San Jose
79%
Santiago
79%
San Salvador
76%
San Marino
70%
Santo Domingo
70%
Sana’a
61%
No matching quizzes found
Score Distribution
Percent of People with Each Score
Percentile by Number Answered
Your Score History
You have not taken this quiz